[Event "28th Hoogeveen op"]
[Site "Hoogeveen NED"]
[Date "2025.10.22"]
[Round "5.1"]
[White "Chanda, Sandipan"]
[Black "Harikrishnan.A.Ra,"]
[Result "1-0"]
[WhiteElo "2467"]
[BlackElo "2534"]
[EventDate "2025.10.18"]
[PlyCount "135"]

1.d4 d5 2.Bf4 c6 3.e3 Qb6 4.Qc1 Bf5 5.Nd2 Nf6 6.c4 e6 7.c5 Qd8 8.b4 Nbd7 
9.h3 Be7 10.Ngf3 O-O 11.Be2 Ne4 12.O-O Re8 13.Nxe4 Bxe4 14.Nd2 Bg6 15.Bh2 
Qc8 16.f4 a5 17.b5 b6 18.cxb6 c5 19.dxc5 Bxc5 20.Nb3 Bxb6 21.Nd4 Bxd4 22.
exd4 Nb6 23.Qc6 Qxc6 24.bxc6 Rec8 25.Rfc1 Be4 26.f5 Bxf5 27.c7 Nc4 28.Bxc4
dxc4 29.Rxc4 Kf8 30.a4 Be4 31.Rc5 Ra6 32.Rb5 Ke7 33.Rb8 Kd7 34.Re1 f5 35.
Re3 g5 36.Be5 Rc6 37.Rg3 Rc1+ 38.Kh2 h6 39.h4 g4 40.Rgb3 Rc2 41.Rb2 Rxb2 
42.Rxb2 Bc6 43.h5 Bxa4 44.Ra2 g3+ 45.Bxg3 Bd1 46.Rxa5 Bxh5 47.d5 Bg4 48.d6
Be2 49.Ra2 Bd3 50.Rb2 Re8 51.Rb7 Rc8 52.Be5 Be4 53.Rb8 Bd3 54.Rb3 Be2 55.
Rh3 h5 56.Rg3 Bg4 57.Rb3 h4 58.Rb8 Be2 59.Kh3 Bf1 60.Bh2 Ba6 61.Kxh4 Re8 
62.Kg5 Bc8 63.Kf6 Rg8 64.Rb2 Rg4 65.Be5 Rh4 66.Rb3 f4 67.Kg5 Rh2 68.Rb2 
1-0

[Event "28th Hoogeveen op"]
[Site "Hoogeveen NED"]
[Date "2025.10.22"]
[Round "5.2"]
[White "Beerdsen, Thomas"]
[Black "De Jong, Migchiel"]
[Result "1-0"]
[WhiteElo "2528"]
[BlackElo "2258"]
[EventDate "2025.10.18"]
[PlyCount "75"]

1.e4 c5 2.Nf3 e6 3.d4 cxd4 4.Nxd4 a6 5.Bd3 Bc5 6.Nb3 Ba7 7.Bf4 d6 8.Nc3 
Nf6 9.Qd2 e5 10.Bg3 Nc6 11.O-O-O Be6 12.Kb1 O-O 13.f4 exf4 14.Bxf4 Ng4 15.
Rhf1 Rc8 16.h3 Nge5 17.Be2 Bb8 18.Nd5 Ne7 19.Ne3 Qc7 20.Nd4 Ba7 21.c3 Rfd8
22.Bg5 Rd7 23.Qe1 h6 24.Bf4 N7g6 25.Bh2 b5 26.Nxe6 fxe6 27.Bg4 Re7 28.Bh5 
Nf8 29.Ng4 Nfd7 30.Qh4 Nc5 31.Nxe5 dxe5 32.Bxe5 Qxe5 33.Qxe7 Qxe4+ 34.Ka1 
Bb6 35.Qf7+ Kh7 36.Rf6 Kh8 37.Bg6 Qa8 38.Bb1 1-0

[Event "28th Hoogeveen op"]
[Site "Hoogeveen NED"]
[Date "2025.10.22"]
[Round "5.3"]
[White "Harshavardhan, G. B."]
[Black "Abdisalimov, Abdimalik"]
[Result "0-1"]
[WhiteElo "2476"]
[BlackElo "2501"]
[EventDate "2025.10.18"]
[PlyCount "80"]

1.e4 c5 2.Nf3 d6 3.d4 cxd4 4.Nxd4 Nf6 5.Nc3 a6 6.Be3 e5 7.Nb3 Be6 8.h3 Be7
9.Qf3 O-O 10.g4 b5 11.g5 Nfd7 12.h4 Nb6 13.O-O-O N8d7 14.Kb1 Rc8 15.Nd5 
Nc4 16.Bh3 a5 17.Bf5 a4 18.Nc1 g6 19.Bh3 Bxd5 20.Rxd5 Qc7 21.Nd3 a3 22.b3 
Ncb6 23.Bxb6 Qxc2+ 24.Ka1 Nxb6 25.Rxb5 d5 26.Bxc8 Rxc8 27.h5 Qc3+ 28.Kb1 
Qc2+ 29.Ka1 dxe4 30.Qxe4 Nd7 31.hxg6 hxg6 32.Rd5 Bxg5 33.Rd6 Qc3+ 34.Kb1 
Qc2+ 35.Ka1 Nf8 36.Qxe5 Bh6 37.Qd4 Bg7 38.Rf6 Qc6 39.Rxc6 Bxd4+ 40.Kb1 
Rxc6 0-1

[Event "28th Hoogeveen op"]
[Site "Hoogeveen NED"]
[Date "2025.10.22"]
[Round "5.4"]
[White "Raja, Harshit"]
[Black "Edwardss, Dylan"]
[Result "1/2-1/2"]
[WhiteElo "2476"]
[BlackElo "2137"]
[EventDate "2025.10.18"]
[PlyCount "102"]

1.e4 c5 2.Nf3 Nc6 3.Bb5 g6 4.Bxc6 dxc6 5.d3 Bg7 6.h3 b6 7.O-O Nf6 8.Nc3 
Nd7 9.Be3 e5 10.Qd2 Nf8 11.Bh6 Bf6 12.a4 Ne6 13.h4 Rg8 14.Ne2 g5 15.hxg5 
Nxg5 16.Bxg5 Bxg5 17.Nxg5 Qxg5 18.Qxg5 Rxg5 19.f4 exf4 20.Nxf4 Be6 21.Kf2 
h5 22.Rh1 Bg4 23.Ke3 Ke7 24.c3 Kd6 25.a5 b5 26.b4 cxb4 27.cxb4 c5 28.Rhc1 
Rc8 29.Rab1 a6 30.d4 cxd4+ 31.Kxd4 Rxc1 32.Rxc1 Be6 33.Rc2 Bc4 34.Rd2 h4 
35.Rf2 Rg3 36.e5+ Kd7 37.Rb2 Kc6 38.Ke4 Ra3 39.Kf5 Re3 40.Kf6 Re4 41.Rf2 
Re3 42.Rd2 Rb3 43.Rd6+ Kb7 44.Nd5 Rb2 45.Rb6+ Kc8 46.Ne7+ Kd7 47.Rd6+ Kc7 
48.Rc6+ Kd7 49.Rd6+ Kc7 50.Rc6+ Kd7 51.Rd6+ Kc7 1/2-1/2

[Event "28th Hoogeveen op"]
[Site "Hoogeveen NED"]
[Date "2025.10.22"]
[Round "5.5"]
[White "Soumya, Swaminathan"]
[Black "Zwirs, Nico"]
[Result "0-1"]
[WhiteElo "2238"]
[BlackElo "2441"]
[EventDate "2025.10.18"]
[PlyCount "108"]

1.e4 c5 2.Nf3 d6 3.d4 cxd4 4.Nxd4 Nf6 5.Nc3 a6 6.Bg5 Nbd7 7.Qe2 h6 8.Bh4 
g6 9.f4 e5 10.fxe5 dxe5 11.O-O-O Be7 12.Nb3 b5 13.Qf3 O-O 14.Kb1 Rb8 15.
Be2 Nxe4 16.Qxe4 Bxh4 17.Na5 Qxa5 18.Qxh4 Kg7 19.Rhf1 Qd8 20.Qg3 Qe8 21.
Ne4 f5 22.Nd6 Qe6 23.Qc3 Nf6 24.Qc7+ Bd7 25.g4 f4 26.h4 Rbd8 27.c4 Qe7 28.
Ka1 bxc4 29.Nxc4 Ng8 30.Nxe5 Bb5 31.Qxe7+ Nxe7 32.Rxd8 Rxd8 33.Bxb5 axb5 
34.Nf3 Kf6 35.g5+ hxg5 36.Nxg5 Rd4 37.Kb1 Kf5 38.Nf3 Rd8 39.Rg1 Rd5 40.Kc2
Ke4 41.Ng5+ Kf5 42.Nf3 Nc6 43.a3 Ke4 44.Nd2+ Ke3 45.Re1+ Kf2 46.Rf1+ Ke2 
47.Rxf4 Rxd2+ 48.Kb1 Ke3 49.Rf6 Ne5 50.h5 g5 51.Rf5 Nf3 52.h6 Rh2 53.Rf6 
g4 54.Rg6 Ne5 0-1

[Event "28th Hoogeveen op"]
[Site "Hoogeveen NED"]
[Date "2025.10.22"]
[Round "5.6"]
[White "Kukushkin, Ivan"]
[Black "Korchynskyi, Mykola"]
[Result "0-1"]
[WhiteElo "2211"]
[BlackElo "2382"]
[EventDate "2025.10.18"]
[PlyCount "80"]

1.c4 e5 2.Nc3 Nc6 3.g3 g6 4.Bg2 Bg7 5.d3 d6 6.e4 f5 7.Nge2 Nf6 8.Bg5 h6 9.
Bxf6 Qxf6 10.exf5 gxf5 11.Qa4 O-O 12.Nd5 Qf7 13.O-O Kh8 14.Rae1 f4 15.f3 
Bf5 16.Qb3 Rab8 17.gxf4 b5 18.Qa3 exf4 19.Qa6 Ne5 20.Nexf4 c6 21.b3 cxd5 
22.Nxd5 Bxd3 23.Rf2 bxc4 24.f4 cxb3 25.Qxd6 b2 26.Nc3 b1=Q 27.Nxb1 Rxb1 
28.Rxb1 Bxb1 29.Rf1 Bd3 30.Rf2 Ng4 31.Rd2 Bf5 32.Re2 Qc4 33.Rd2 Qc1+ 34.
Bf1 Ne3 35.Rf2 Nxf1 36.Rxf1 Qe3+ 37.Rf2 Rg8 38.Qd5 Bd4+ 39.Qxg8+ Kxg8 40.
Kh1 Qxf2 0-1

[Event "28th Hoogeveen op"]
[Site "Hoogeveen NED"]
[Date "2025.10.22"]
[Round "5.7"]
[White "Westerlaan, Sander"]
[Black "Miezis, Normunds"]
[Result "0-1"]
[WhiteElo "2034"]
[BlackElo "2374"]
[EventDate "2025.10.18"]
[PlyCount "96"]

1.d4 Nf6 2.Nc3 d5 3.Bf4 a6 4.e3 b5 5.a3 e6 6.b4 Bd6 7.Bd3 Bb7 8.Qf3 Nc6 9.
Bg5 h6 10.Bxf6 gxf6 11.Nge2 f5 12.Nf4 Qg5 13.g3 Rg8 14.h4 Qe7 15.Qh5 Qf6 
16.Nce2 Rg4 17.Nxe6 Ne7 18.Nc5 Bc8 19.Nf4 Bxf4 20.gxf4 Ng8 21.Be2 Qg7 22.
Bxg4 Nf6 23.Be2 Nxh5 24.Bxh5 a5 25.Ke2 Ke7 26.Rag1 Qh8 27.Rg3 axb4 28.axb4
Be6 29.Kd2 Qf6 30.Be2 c6 31.Nd3 Bd7 32.Ne5 Qd6 33.Nd3 Qf6 34.Ne5 Qd6 35.
Nd3 Qb8 36.Rhg1 Kf6 37.Rg7 Qh8 38.Ne5 Be6 39.R7g3 Qf8 40.c3 Ra2+ 41.Kd3 
Qa8 42.Rc1 c5 43.dxc5 d4 44.Bf3 Bc4+ 45.Nxc4 bxc4+ 46.Kxc4 Qa6+ 47.b5 Ra4+
48.Kd3 Qxb5+ 0-1

[Event "28th Hoogeveen op"]
[Site "Hoogeveen NED"]
[Date "2025.10.22"]
[Round "5.8"]
[White "Makhynia, Kostiantyn"]
[Black "Mostertman, Milan"]
[Result "0-1"]
[WhiteElo "1935"]
[BlackElo "2236"]
[EventDate "2025.10.18"]
[PlyCount "60"]

1.d4 Nf6 2.c4 e6 3.Nf3 d5 4.g3 dxc4 5.Qa4+ Nbd7 6.Bg2 a6 7.Qxc4 b5 8.Qc6 
Rb8 9.Bf4 Bb7 10.Qxc7 Qxc7 11.Bxc7 Bb4+ 12.Kd1 Rc8 13.Bf4 Ng4 14.Rf1 Nxh2 
15.Nxh2 Bxg2 16.Rg1 Bb7 17.Bd2 Bd6 18.f3 e5 19.dxe5 Nxe5 20.Nf1 O-O 21.a3 
Bc5 22.Rh1 Nxf3 23.Rh5 Bb6 24.Bc3 Rfd8+ 25.Nbd2 g6 26.Rh3 Nxd2 27.Nxd2 Be3
28.Ba5 Rxd2+ 29.Bxd2 Rd8 30.g4 Rxd2+ 0-1

[Event "28th Hoogeveen op"]
[Site "Hoogeveen NED"]
[Date "2025.10.22"]
[Round "5.9"]
[White "Maris, Ivo"]
[Black "Aamuktha, Guntaka"]
[Result "1/2-1/2"]
[WhiteElo "2389"]
[BlackElo "2069"]
[EventDate "2025.10.18"]
[PlyCount "95"]

1.Nf3 Nf6 2.g3 d5 3.Bg2 c6 4.O-O Bg4 5.d3 Nbd7 6.Nbd2 e5 7.e4 dxe4 8.dxe4 
Bd6 9.h3 Bh5 10.Qe1 Qc7 11.Nc4 O-O 12.Nh4 Rfe8 13.Nf5 Bg6 14.Bg5 Bxf5 15.
exf5 Nd5 16.Nd2 Be7 17.h4 N7f6 18.c4 Nb4 19.Bxf6 Bxf6 20.Be4 Rad8 21.Nf3 
Nd3 22.Qe2 Nc5 23.g4 Be7 24.g5 Nxe4 25.Qxe4 Bc5 26.Rad1 Bd4 27.f6 Qd6 28.
Nh2 h5 29.fxg7 Qg6 30.Qe2 e4 31.Rfe1 f5 32.c5 Kxg7 33.Qc4 Be5 34.Rxd8 
Bxh2+ 35.Kxh2 Rxd8 36.f3 Qe8 37.Qc3+ Kh7 38.Qf6 Rd2+ 39.Kh3 Rd5 40.Rg1 Qd7
41.Qh6+ Kg8 42.Qxh5 Rd3 43.Rf1 Rd2 44.Rg1 exf3 45.Qg6+ Kh8 46.Qf6+ Kg8 47.
Qg6+ Kh8 48.Qh6+ 1/2-1/2

[Event "28th Hoogeveen op"]
[Site "Hoogeveen NED"]
[Date "2025.10.22"]
[Round "5.10"]
[White "Van Batenburg, Mees"]
[Black "Grooten, Tommy"]
[Result "1/2-1/2"]
[WhiteElo "2231"]
[BlackElo "2160"]
[EventDate "2025.10.18"]
[PlyCount "80"]

1.e4 c5 2.Nf3 e6 3.d4 cxd4 4.Nxd4 Nf6 5.Nc3 d6 6.g4 h6 7.Be3 Nc6 8.h3 Be7 
9.Qd2 a6 10.Bg2 Ne5 11.Qe2 g5 12.O-O-O Qc7 13.f4 gxf4 14.Bxf4 b5 15.Qf2 
Bb7 16.g5 Nh5 17.Be3 hxg5 18.Kb1 Nf4 19.Bxf4 gxf4 20.Qxf4 O-O-O 21.Nf3 
Rdf8 22.h4 Ng6 23.Qd2 Nxh4 24.Nxh4 Rxh4 25.Rxh4 Bxh4 26.e5 dxe5 27.Bxb7+ 
Qxb7 28.Qe3 Rd8 29.Qxe5 Rxd1+ 30.Nxd1 Qf3 31.Qc5+ Kb7 32.Qd4 Bg3 33.a4 Qc6
34.axb5 axb5 35.Nc3 f5 36.Qb4 Bd6 37.Qxb5+ Qxb5 38.Nxb5 Be5 39.c4 f4 40.
Kc2 f3 1/2-1/2

[Event "28th Hoogeveen op"]
[Site "Hoogeveen NED"]
[Date "2025.10.22"]
[Round "5.11"]
[White "Bakija, Alan"]
[Black "Dordevic, Tom"]
[Result "1/2-1/2"]
[WhiteElo "2082"]
[BlackElo "2224"]
[EventDate "2025.10.18"]
[PlyCount "45"]

1.e4 c5 2.c3 Nf6 3.e5 Nd5 4.Nf3 d6 5.exd6 Qxd6 6.d4 cxd4 7.Nxd4 e6 8.Be2 
Be7 9.O-O a6 10.Nd2 O-O 11.Bf3 Rd8 12.Nc4 Qc7 13.Qb3 b5 14.Ne3 Bb7 15.a4 
Nxe3 16.Bxe3 Nc6 17.Nxc6 Bxc6 18.Bxc6 Qxc6 19.axb5 axb5 20.Rxa8 Rxa8 21.
Rd1 h6 22.h3 Ra4 23.Qc2 1/2-1/2

[Event "28th Hoogeveen op"]
[Site "Hoogeveen NED"]
[Date "2025.10.22"]
[Round "5.12"]
[White "Weidenhoefer, Max"]
[Black "Van Veelen, Thomas"]
[Result "1/2-1/2"]
[WhiteElo "2205"]
[BlackElo "2081"]
[EventDate "2025.10.18"]
[PlyCount "86"]

1.e4 e6 2.d4 d5 3.e5 c5 4.c3 Nc6 5.Nf3 Bd7 6.Be2 Nge7 7.Na3 cxd4 8.cxd4 
Nf5 9.Nc2 Be7 10.O-O O-O 11.Bd3 Rc8 12.Kh1 f6 13.Bxf5 exf5 14.Re1 fxe5 15.
dxe5 Be6 16.Nfd4 Nxd4 17.Nxd4 Qb6 18.f4 Bc5 19.Nxe6 Qxe6 20.Qb3 Bb6 21.Bd2
Rc4 22.a4 Qc6 23.a5 Bf2 24.Rec1 Bd4 25.h3 Rc8 26.Rxc4 dxc4 27.Qc2 g6 28.
Rd1 Qe4 29.Qxe4 fxe4 30.Bc3 Bf2 31.g4 Bg3 32.f5 e3 33.Kg2 e2 34.Rh1 e1=Q 
35.Bxe1 Bxe5 36.Bc3 Bxc3 37.bxc3 gxf5 38.Rb1 fxg4 39.Rxb7 gxh3+ 40.Kxh3 
Re8 41.Rxa7 Re3+ 42.Kg2 Rxc3 43.Rc7 Ra3 1/2-1/2

[Event "28th Hoogeveen op"]
[Site "Hoogeveen NED"]
[Date "2025.10.22"]
[Round "5.13"]
[White "Odenthal, Aidan"]
[Black "Bosboom, Manuel"]
[Result "1/2-1/2"]
[WhiteElo "2045"]
[BlackElo "2355"]
[EventDate "2025.10.18"]
[PlyCount "95"]

1.d4 g6 2.c4 Bg7 3.Nc3 d6 4.e4 Nf6 5.Be2 O-O 6.Be3 a5 7.g4 Nc6 8.g5 Nd7 9.
h4 e5 10.d5 Nd4 11.Nf3 Nxe2 12.Qxe2 f5 13.gxf6 Nxf6 14.Ng5 Nh5 15.O-O-O 
Qe7 16.c5 Nf4 17.Qc4 h6 18.Bxf4 exf4 19.Ne6 Bxe6 20.dxe6 Bxc3 21.bxc3 Rf6 
22.cxd6 cxd6 23.Rd5 Qxe6 24.Rhd1 Rc8 25.Qd4 f3 26.Kb2 Rc6 27.Qe3 Kh7 28.e5
Rf5 29.Rxd6 Rxd6 30.exd6 Qxe3 31.fxe3 f2 32.d7 Rf8 33.Rf1 Rd8 34.Rxf2 Rxd7
35.c4 g5 36.hxg5 hxg5 37.Kc3 Kg6 38.e4 g4 39.e5 Kg5 40.c5 g3 41.Re2 Kf4 
42.e6 Re7 43.Kd4 Kf3 44.Re3+ Kf2 45.Re5 g2 46.Rf5+ Ke1 47.Rg5 Kf1 48.Rf5+ 
1/2-1/2

[Event "28th Hoogeveen op"]
[Site "Hoogeveen NED"]
[Date "2025.10.22"]
[Round "5.14"]
[White "Nigmatov, Ortik"]
[Black "Vistisen, Lars"]
[Result "1-0"]
[WhiteElo "2485"]
[BlackElo "2073"]
[EventDate "2025.10.18"]
[PlyCount "77"]

1.e4 e5 2.Nf3 Nc6 3.Bc4 Nf6 4.d3 h6 5.O-O d6 6.c3 Be7 7.a4 O-O 8.a5 Be6 9.
Nbd2 Re8 10.a6 b6 11.Bb5 Bd7 12.Re1 Nb8 13.Bxd7 Nbxd7 14.d4 c5 15.Nf1 Bf8 
16.Ng3 Qc7 17.h3 Rad8 18.d5 c4 19.Nd2 b5 20.b3 cxb3 21.Nxb3 Nb6 22.Na5 Nc4
23.Nc6 Rc8 24.Nf5 Kh7 25.Qf3 Nd7 26.Ne3 Nb8 27.Nxc4 Nxc6 28.Na3 b4 29.Nb5 
Qb8 30.Qd3 Ne7 31.cxb4 Red8 32.Be3 Rd7 33.Rec1 g6 34.Rxc8 Nxc8 35.Rc1 Ne7 
36.Bxa7 Rxa7 37.Nxa7 Qxa7 38.b5 f5 39.Qe3 1-0

[Event "28th Hoogeveen op"]
[Site "Hoogeveen NED"]
[Date "2025.10.22"]
[Round "5.15"]
[White "De Boer, Eelke"]
[Black "Kamphuis, Jasper"]
[Result "1/2-1/2"]
[WhiteElo "2456"]
[BlackElo "2104"]
[EventDate "2025.10.18"]
[PlyCount "123"]

1.d4 Nf6 2.c4 g6 3.Nc3 Bg7 4.e4 d6 5.Be2 O-O 6.Be3 c5 7.d5 Qa5 8.Bd2 a6 9.
a4 e6 10.h3 exd5 11.exd5 Qb6 12.Nf3 a5 13.O-O Na6 14.Bd3 Nb4 15.Bb1 Bd7 
16.Qc1 Rae8 17.Ra3 Nh5 18.g4 Nf6 19.Bh6 Kh8 20.Qf4 Bxh6 21.Qxh6 Ng8 22.Qf4
f5 23.g5 Qc7 24.Kg2 h5 25.gxh6 Nf6 26.Kh2 Nh5 27.Qg5 Kh7 28.Rg1 Rg8 29.Qd2
Rgf8 30.Ne2 Qd8 31.Ng5+ Kh8 32.Nf4 Nxf4 33.Qxf4 Qf6 34.Rag3 Re2 35.b3 Qe5 
36.Qf3 Rb2 37.Kh1 Qd4 38.Qe3 Qf6 39.Qf4 Qe5 40.Qxe5+ dxe5 41.Nf3 e4 42.Ne5
Be8 43.d6 Nc6 44.d7 Bf7 45.Nxg6+ Bxg6 46.Rxg6 Rd2 47.h7 Kxh7 48.f3 exf3 
49.R6g5 Kh6 50.Bxf5 f2 51.Rg6+ Kh5 52.R6g5+ Kh6 53.Rg6+ Kh5 54.R1g5+ Kh4 
55.Rg4+ Kh5 56.R4g5+ Kh4 57.Kg2 Ne7 58.Rg4+ Kh5 59.R4g5+ Kh4 60.Rg4+ Kh5 
61.R4g5+ Kh4 62.Rg4+ 1/2-1/2

[Event "28th Hoogeveen op"]
[Site "Hoogeveen NED"]
[Date "2025.10.22"]
[Round "5.16"]
[White "Schuricht, Emil Frederick"]
[Black "Lind, Jacco"]
[Result "1-0"]
[WhiteElo "2294"]
[BlackElo "2045"]
[EventDate "2025.10.18"]
[PlyCount "71"]

1.c4 c5 2.Nc3 Nc6 3.g3 g6 4.Bg2 Bg7 5.a3 b6 6.b4 Bb7 7.Bb2 cxb4 8.axb4 Qc8
9.d3 Nxb4 10.Bxb7 Qxb7 11.Nf3 Nf6 12.O-O O-O 13.e4 d6 14.Qd2 Nc6 15.Rab1 
Ng4 16.Nh4 Qd7 17.Kg2 e6 18.h3 Nf6 19.f4 Rfd8 20.g4 d5 21.g5 Nh5 22.cxd5 
exd5 23.Nxd5 Nd4 24.Nf3 Ne6 25.Bxg7 Kxg7 26.Qb2+ Kg8 27.Ne5 Qb7 28.Kh2 
Rxd5 29.exd5 Qxd5 30.Qb5 Qd4 31.Qd7 Qe3 32.Qxf7+ Kh8 33.Qxe6 Qd2+ 34.Kg1 
Qe3+ 35.Rf2 Qg3+ 36.Kf1 1-0

[Event "28th Hoogeveen op"]
[Site "Hoogeveen NED"]
[Date "2025.10.22"]
[Round "5.17"]
[White "Mijnheer, Peter"]
[Black "Humburg, Philipp"]
[Result "1/2-1/2"]
[WhiteElo "2104"]
[BlackElo "2204"]
[EventDate "2025.10.18"]
[PlyCount "63"]

1.d4 Nf6 2.c4 e6 3.Nc3 Bb4 4.f3 c5 5.d5 b5 6.e4 bxc4 7.Bxc4 Ba6 8.Bxa6 
Nxa6 9.Ne2 exd5 10.exd5 O-O 11.O-O Re8 12.Bg5 Qb6 13.Kh1 c4 14.Bxf6 Qxf6 
15.Qa4 Qb6 16.Qxd7 Nc5 17.Qc6 Qxc6 18.dxc6 Rac8 19.Nf4 Bxc3 20.bxc3 Rxc6 
21.Rfe1 Rxe1+ 22.Rxe1 g6 23.h3 Kg7 24.Re7 a6 25.Nd5 h5 26.h4 Na4 27.Re4 
Rc5 28.Rd4 a5 29.Kh2 f6 30.g4 hxg4 31.fxg4 Nb2 32.Nf4 1/2-1/2

[Event "28th Hoogeveen op"]
[Site "Hoogeveen NED"]
[Date "2025.10.22"]
[Round "5.18"]
[White "Riechenberg, Sebastian"]
[Black "Kazarjan, Gachatur"]
[Result "1-0"]
[WhiteElo "2073"]
[BlackElo "2192"]
[EventDate "2025.10.18"]
[PlyCount "35"]

1.Nf3 d5 2.b3 Nf6 3.Bb2 e6 4.g3 Nbd7 5.Bg2 Bd6 6.d4 O-O 7.O-O b6 8.c4 Bb7 
9.Qd3 Qe7 10.Nc3 a6 11.Rfe1 Rfd8 12.cxd5 exd5 13.Nd2 Re8 14.e4 dxe4 15.
Ndxe4 Kh8 16.Re3 Nxe4 17.Nxe4 Bc6 18.Nc3 1-0

[Event "28th Hoogeveen op"]
[Site "Hoogeveen NED"]
[Date "2025.10.22"]
[Round "5.19"]
[White "Ten Dam, Bram"]
[Black "Xue, Luka"]
[Result "1-0"]
[WhiteElo "2185"]
[BlackElo "2031"]
[EventDate "2025.10.18"]
[PlyCount "137"]

1.Nf3 d5 2.b3 Nf6 3.Bb2 Bf5 4.e3 e6 5.Be2 h6 6.O-O Bd6 7.c4 O-O 8.d4 c6 9.
h3 Nbd7 10.Nc3 Qe7 11.Bd3 Ne4 12.Qc2 Nxc3 13.Bxc3 Bxd3 14.Qxd3 dxc4 15.
Qxc4 e5 16.dxe5 Nxe5 17.Bxe5 Bxe5 18.Rad1 Rfd8 19.Qg4 g6 20.Qa4 a6 21.Nxe5
Qxe5 22.Qh4 Qg5 23.Qb4 b5 24.Rxd8+ Qxd8 25.Rc1 Rc8 26.Qc5 Qf8 27.Qd4 c5 
28.Qd5 Qe7 29.a4 Qc7 30.g3 bxa4 31.bxa4 c4 32.Rc3 Qc6 33.Qxc6 Rxc6 34.Kf1 
Kf8 35.Rc1 Ke7 36.Rd1 Ke6 37.Ke2 Rb6 38.e4 Rb4 39.a5 Ra4 40.Rd5 Ra2+ 41.
Ke3 c3 42.f4 c2 43.Rc5 Kd6 44.Rc4 Ra3+ 45.Kf2 Ra2 46.Kf3 Ra3+ 47.Kg4 Ra4 
48.e5+ Kd5 49.Rxc2 Rxa5 50.h4 Ra3 51.h5 gxh5+ 52.Kh4 Ra1 53.Kxh5 Rh1+ 54.
Kg4 Ke6 55.Rc6+ Ke7 56.Rxa6 h5+ 57.Kf5 Rb1 58.Ra7+ Ke8 59.Kf6 Rb6+ 60.Kg5 
Rb3 61.f5 Rb6 62.f6 Rb3 63.Kf4 Rb4+ 64.Kf5 Rb3 65.Ra8+ Kd7 66.Rf8 Rf3+ 67.
Ke4 Rxg3 68.Rxf7+ Ke8 69.Rh7 1-0

[Event "28th Hoogeveen op"]
[Site "Hoogeveen NED"]
[Date "2025.10.22"]
[Round "5.20"]
[White "Moskalets, Sofiia"]
[Black "Li, Hewei"]
[Result "0-1"]
[WhiteElo "2176"]
[BlackElo "2022"]
[EventDate "2025.10.18"]
[PlyCount "76"]

1.e4 c5 2.Nf3 d6 3.d4 cxd4 4.Nxd4 Nf6 5.Nc3 g6 6.Be3 Bg7 7.f3 O-O 8.Qd2 
Nc6 9.g4 Be6 10.Nxe6 fxe6 11.O-O-O Ne5 12.Be2 Qc8 13.Bh6 Bxh6 14.Qxh6 Qc5 
15.h4 Kh8 16.Qd2 b5 17.Rhf1 Rab8 18.g5 Nh5 19.f4 Nc4 20.Bxc4 bxc4 21.Ne2 
Kg8 22.Qc3 Rbc8 23.Qh3 Ng7 24.c3 Rb8 25.Rd2 Qc6 26.Ng3 Qc5 27.Qh1 Rb6 28.
Qf3 Qa5 29.a3 Rfb8 30.Rff2 Qxa3 31.Kd1 Qa1+ 32.Ke2 Rxb2 33.Nf1 Rb1 34.Qg2 
Re1+ 35.Kf3 Qxc3+ 36.Kg4 Rbb1 37.Rf3 Qb4 38.Ra2 c3 0-1

[Event "28th Hoogeveen op"]
[Site "Hoogeveen NED"]
[Date "2025.10.22"]
[Round "5.21"]
[White "Yekeler, Kerem Sarp"]
[Black "Timmermans, Raymond"]
[Result "1-0"]
[WhiteElo "2112"]
[BlackElo "2013"]
[EventDate "2025.10.18"]
[PlyCount "51"]

1.e4 e5 2.Nf3 Nc6 3.d4 exd4 4.Nxd4 Nf6 5.Nxc6 bxc6 6.Nd2 Bc5 7.e5 Nd5 8.
Nb3 Be7 9.Qg4 Kf8 10.c4 Bb4+ 11.Bd2 Bxd2+ 12.Nxd2 Ne7 13.Bd3 Ng6 14.Bxg6 
hxg6 15.Nf3 d5 16.Qd4 Be6 17.Qc5+ Qe7 18.Qxc6 Qb4+ 19.Nd2 Qxb2 20.O-O Re8 
21.cxd5 Qxe5 22.Nf3 Qxd5 23.Qxc7 Bg4 24.Qxa7 Qh5 25.Rfe1 Bxf3 26.Qa3+ 1-0

[Event "28th Hoogeveen op"]
[Site "Hoogeveen NED"]
[Date "2025.10.22"]
[Round "5.22"]
[White "Safin, Safarullakhan"]
[Black "Labruyere, Roger"]
[Result "0-1"]
[WhiteElo "1915"]
[BlackElo "2205"]
[EventDate "2025.10.18"]
[PlyCount "124"]

1.e4 c5 2.Nf3 d6 3.d4 cxd4 4.Nxd4 Nf6 5.Nc3 a6 6.f3 e5 7.Nb3 Be7 8.Be3 Be6
9.Qd2 h5 10.Be2 Nbd7 11.Nd5 Nxd5 12.exd5 Bf5 13.O-O Rc8 14.c4 Bg6 15.Na5 
Qc7 16.b4 O-O 17.Rac1 Bd8 18.Kh1 h4 19.f4 exf4 20.Bxf4 Nf6 21.Bd3 Qd7 22.
Bxg6 fxg6 23.Qd3 Bxa5 24.bxa5 Nh5 25.Bg5 Qg4 26.Be7 Rxf1+ 27.Qxf1 h3 28.
Bxd6 Rxc4 29.Rxc4 hxg2+ 30.Qxg2 Qxc4 31.Be5 Qd3 32.h3 Qe3 33.Bb8 Qe1+ 34.
Kh2 Qxa5 35.d6 Qe5+ 36.Kg1 Qe3+ 37.Kh2 Qe5+ 38.Kg1 Nf4 39.Qf3 Qa1+ 40.Qf1 
Nxh3+ 41.Kg2 Qxf1+ 42.Kxf1 Kf7 43.Ba7 Ke6 44.Kg2 Ng5 45.Bd4 Kxd6 46.Bxg7 
b5 47.Kg3 Kc5 48.a3 Kc4 49.Bf8 Ne6 50.Be7 Kb3 51.Bb4 Nd4 52.Kg4 Nc2 53.Bd6
Nxa3 54.Kg5 Nc4 55.Bf4 a5 56.Kxg6 a4 57.Bc1 Nb2 58.Kf5 a3 59.Ke4 a2 60.
Bxb2 Kxb2 61.Kd3 a1=Q 62.Kd2 b4 0-1

[Event "28th Hoogeveen op"]
[Site "Hoogeveen NED"]
[Date "2025.10.22"]
[Round "5.23"]
[White "Fikh, Anthony"]
[Black "Baarspul, Bram"]
[Result "0-1"]
[WhiteElo "1942"]
[BlackElo "1894"]
[EventDate "2025.10.18"]
[PlyCount "68"]

1.Nf3 Nf6 2.c4 c5 3.Nc3 Nc6 4.e3 e6 5.a3 a6 6.Be2 d5 7.cxd5 exd5 8.d4 cxd4
9.Nxd4 Bd6 10.O-O O-O 11.Nxc6 bxc6 12.b4 Re8 13.Bb2 Bf5 14.Rc1 Rb8 15.Qa4 
d4 16.Nd1 d3 17.Bf3 d2 18.Rxc6 Bd3 19.Bd4 Bxf1 20.Kxf1 Ne4 21.Qxa6 Bf8 22.
Qc4 Qh4 23.h3 Ng5 24.Bd5 Rbd8 25.Bb6 Qh5 26.f3 Rd7 27.h4 Nh3 28.Re6 Rc8 
29.Qxc8 Qxd5 30.gxh3 Qxf3+ 31.Kg1 Qxd1+ 32.Kg2 Qe2+ 33.Kg3 fxe6 34.Bc5 Rf7
0-1

[Event "28th Hoogeveen op"]
[Site "Hoogeveen NED"]
[Date "2025.10.22"]
[Round "5.24"]
[White "Moghe, Parth"]
[Black "Groenewoud, Joel"]
[Result "1-0"]
[WhiteElo "2199"]
[BlackElo "2175"]
[EventDate "2025.10.18"]
[PlyCount "74"]

1.e4 c6 2.c4 d5 3.cxd5 cxd5 4.exd5 Nf6 5.Nc3 Nxd5 6.Bb5+ Nc6 7.Nf3 e6 8.
O-O Be7 9.d4 O-O 10.Be3 a6 11.Bxc6 bxc6 12.Ne5 Nxe3 13.fxe3 Bb7 14.Qb3 Rb8
15.Qc4 Bd6 16.Nf3 Qe7 17.e4 c5 18.e5 Bc7 19.dxc5 Bxf3 20.Rxf3 Rxb2 21.Na4 
Rd2 22.Qf4 Qd7 23.Nb6 Qd8 24.Rb1 Rxa2 25.Qe3 Qd2 26.Qxd2 Rxd2 27.c6 Rb8 
28.Rfb3 Rc2 29.Nd7 Rxb3 30.Rxb3 Rxc6 31.Rg3 Rc1+ 32.Kf2 Rd1 33.Nf6+ Kh8 
34.Ng4 h5 35.Rh3 g6 36.Ne3 Rd3 37.Ke2 Ra3 1-0

[Event "28th Hoogeveen op"]
[Site "Hoogeveen NED"]
[Date "2025.10.22"]
[Round "5.25"]
[White "Gergin, Isafara"]
[Black "Grooten, Herman"]
[Result "0-1"]
[WhiteElo "1984"]
[BlackElo "2183"]
[EventDate "2025.10.18"]
[PlyCount "76"]

1.e4 c5 2.Nf3 d6 3.d4 cxd4 4.Nxd4 Nf6 5.Nc3 a6 6.f3 e5 7.Nb3 Be6 8.Be3 h5 
9.Qd2 Nbd7 10.O-O-O Be7 11.Kb1 Qc7 12.Be2 b5 13.Nd5 Nxd5 14.exd5 Bf5 15.
Bd3 Bxd3 16.Qxd3 O-O 17.g4 h4 18.g5 g6 19.f4 exf4 20.Bxf4 Rfe8 21.Qh3 Bf8 
22.Qxh4 Rac8 23.Qf2 Bg7 24.Rhe1 Rxe1 25.Rxe1 Nb6 26.Rd1 Nc4 27.Bc1 a5 28.
Nd4 Qc5 29.Qg1 Qxd5 30.h4 Qe4 31.Qf2 b4 32.Qf4 Qd5 33.Qg4 Re8 34.Nb3 Qe4 
35.Qg3 a4 36.Nd2 Qd4 37.Nxc4 Qxd1 38.Nxd6 Be5 0-1

[Event "28th Hoogeveen op"]
[Site "Hoogeveen NED"]
[Date "2025.10.22"]
[Round "5.26"]
[White "Aravindhan, Achyuth"]
[Black "Abel, Sajan"]
[Result "1-0"]
[WhiteElo "2144"]
[BlackElo "2046"]
[EventDate "2025.10.18"]
[PlyCount "87"]

1.e4 c5 2.Nf3 d6 3.d4 cxd4 4.Nxd4 Nf6 5.Nc3 a6 6.Bd3 e5 7.Nde2 Be7 8.O-O 
O-O 9.Ng3 Be6 10.Nd5 Bxd5 11.exd5 g6 12.a4 Nbd7 13.a5 Re8 14.c4 Bf8 15.f4 
e4 16.Be2 b6 17.Bd2 h5 18.f5 h4 19.Nh1 e3 20.fxg6 fxg6 21.Bc3 Ne4 22.Bd4 
bxa5 23.Bg4 Ndc5 24.Ra3 Nd2 25.Rf6 Nxc4 26.Rxg6+ Kh7 27.Bf5 e2 28.Rg7+ Kh8
29.Rg4+ Ne5 30.Qxe2 Bg7 31.Rxg7 Kxg7 32.Qg4+ Kf8 33.Bxe5 dxe5 34.Rf3 Ke7 
35.Qxh4+ Kd6 36.Qh6+ Ne6 37.dxe6 Qb6+ 38.Nf2 Rac8 39.e7+ Kc7 40.Qxb6+ Kxb6
41.Bxc8 Rxc8 42.Rf8 Rc1+ 43.Nd1 Rxd1+ 44.Rf1 1-0